000 00517nam a2200181Ia 4500
003 OSt
005 20200819114854.0
008 190216s9999||||xx |||||||||||||| ||und||
020 _a9788120311428
040 _coclc
082 _a541.3
_bVEM/P
100 _aVemulapalli, G K
_94215
245 0 _aPhysical Chemistry /
_cG K Vemulapalli
260 _bPrentice Hall Of India Pvt Ltd,
_c2001.
_aNew Delhi:
300 _a991p
650 _aChemistry
942 _cBK
_2ddc
_h541.3
_iVEM/P
_k541.3
_mVEM/P
999 _c2925
_d2925